000 00295nam a2200085Ia 4500
245 0 _aThe king's eye and John Vorster's elbow : reporting the Mandela years
100 _a Hawthorne, Peter Wandsbeck, South Africa, [c.2008]
_982507
942 _cBK
008 210817s9999 xx 000 0 und d
999 _c298333
_d298333